000 00250nam a22000977a 4500
003 SGT
245 _aInternational Journal of Advanced Mechanical Engineering (IJAME)
260 _bRIP RESEARCH INDIA PUBLICATIONS
_c2019
300 _a300
942 _2ddc
_cBV
999 _c29079
_d29079